[Event "Robecchetto Spring op 9th"]
[Site "Robecchetto"]
[Date "2012.04.26"]
[Round "3"]
[White "Nava, Mario"]
[Black "Buratti, Roberto"]
[Result "0-1"]
[WhiteElo "1368"]
[BlackElo "1726"]
[PlyCount "82"]
[EventDate "2012.04.12"]
[EventType "swiss"]
[EventRounds "7"]
[EventCountry "ITA"]
[SourceTitle "EXT 2024"]
[Source "ChessBase"]
[SourceDate "2023.10.10"]
[SourceVersion "1"]
[SourceVersionDate "2023.10.10"]
[SourceQuality "1"]

1. e3 e5 2. c4 Nf6 3. Nc3 d5 4. cxd5 Nxd5 5. e4 Nxc3 6. bxc3 c5 7. Nf3 Bd6 8. Bc4 0-0 9. 0-0 Nc6 10. d3 Bg4 11. h3 Bh5 12. Bg5 Qa5 13. g4 Bg6 14. Nh4 b5 15. Bd5 Rac8 16. Nxg6 hxg6 17. Qd2 Ne7 18. Bxe7 Bxe7 19. Kg2 Qd8 20. f4 Qd6 21. Qf2 exf4 22. Qxf4 Qxf4 23. Rxf4 Bf6 24. Rc1 Bg5 25. Rcf1 Bxf4 26. Rxf4 b4 27. cxb4 cxb4 28. Bb3 Rc3 29. Rf3 g5 30. Kg3 g6 31. e5 Kg7 32. Bc4 a5 33. Rf6 a4 34. Ra6 b3 35. Rxa4 b2 36. Rb4 Rc8 37. Rxb2 R8xc4 38. Rd2 Rd4 39. a4 Rdxd3+ 40. Rxd3 Rxd3+ 41. Kg2 Ra3 0-1

[Event "Robecchetto op 21th Autumn"]
[Site "Robecchetto"]
[Date "2010.10.28"]
[Round "4"]
[White "Buratti, Roberto"]
[Black "Turini, Gianluca"]
[Result "1-0"]
[WhiteElo "1612"]
[BlackElo "1781"]
[PlyCount "115"]
[EventDate "2010.10.07"]
[EventType "swiss"]
[EventRounds "7"]
[EventCountry "ITA"]
[SourceTitle "EXT 2024"]
[Source "ChessBase"]
[SourceDate "2023.10.10"]
[SourceVersion "1"]
[SourceVersionDate "2023.10.10"]
[SourceQuality "1"]

1. e4 c6 2. d4 d5 3. Bd3 dxe4 4. Bxe4 Nf6 5. Bf3 Bf5 6. Ne2 e6 7. 0-0 Bd6 8. c3 0-0 9. Nd2 Qc7 10. Ng3 Bg6 11. Nc4 Nbd7 12. Nxd6 Qxd6 13. Qb3 Nb6 14. Bg5 h6 15. Bh4 Qf4 16. Bxf6 Qxf6 17. a4 Rab8 18. a5 Nd5 19. Bxd5 exd5 20. Rfe1 Qd8 21. Qa3 Qc7 22. Re7 Qc8 23. Rae1 Rd8 24. a6 Rd7 25. Re8+ Qxe8 26. Rxe8+ Rxe8 27. h3 b6 28. Qa4 Rd6 29. Qd1 Rde6 30. Qg4 c5 31. dxc5 bxc5 32. f4 Bd3 33. f5 Rxa6 34. Nh5 g6 35. fxg6 Bxg6 36. Nf4 Kh7 37. Qd7 Re1+ 38. Kf2 Raa1 39. Qxd5 Reb1 40. Qb3 c4 41. Qxc4 Rxb2+ 42. Kg3 Raa2 43. h4 h5 44. Qc5 a5 45. c4 a4 46. Nxh5 Rxg2+ 47. Kf4 Rgf2+ 48. Ke3 Rae2+ 49. Kd4 Rd2+ 50. Kc3 a3 51. Nf6+ Kg7 52. Ng4 a2 53. Qe5+ Kh7 54. Kb3 Rb2+ 55. Qxb2 Rxb2+ 56. Kxb2 a1Q+ 57. Kxa1 Be4 58. Nf6+ 1-0

[Event "Robecchetto op 21th Spring"]
[Site "Robecchetto"]
[Date "2010.04.29"]
[Round "5"]
[White "Buratti, Roberto"]
[Black "Madaschi, Sergio"]
[Result "1-0"]
[WhiteElo "1600"]
[BlackElo "1541"]
[PlyCount "79"]
[EventDate "2010.04.01"]
[EventType "swiss"]
[EventRounds "6"]
[EventCountry "ITA"]
[SourceTitle "EXT 2024"]
[Source "ChessBase"]
[SourceDate "2023.10.10"]
[SourceVersion "1"]
[SourceVersionDate "2023.10.10"]
[SourceQuality "1"]

1. e4 c5 2. d4 cxd4 3. Nf3 Nc6 4. Nxd4 Nf6 5. Nxc6 bxc6 6. Bd3 e5 7. c4 Be7 8. 0-0 0-0 9. Nc3 Qc7 10. Be3 d6 11. f3 Be6 12. Rc1 Qb7 13. Qe2 Rad8 14. Rfd1 Rfe8 15. Qf2 Ra8 16. b3 Red8 17. Rd2 d5 18. cxd5 cxd5 19. exd5 Nxd5 20. Nxd5 Bxd5 21. Rdc2 Bd6 22. Qh4 g6 23. Qf6 Qe7 24. Qxe7 Bxe7 25. Rc7 Ba3 26. R1c2 a5 27. Bg5 Re8 28. Bf6 e4 29. fxe4 Bxe4 30. Bxe4 Rxe4 31. Rc8+ Rxc8 32. Rxc8+ Bf8 33. Ra8 Re6 34. Bc3 f5 35. Bxa5 Kf7 36. Ra7+ Be7 37. Bb4 Kf6 38. Bxe7+ Rxe7 39. Rxe7 Kxe7 40. Kf2 1-0

[Event "Robecchetto op 21th Spring"]
[Site "Robecchetto"]
[Date "2010.04.22"]
[Round "4"]
[White "Macchiettini, Pierangelo"]
[Black "Buratti, Roberto"]
[Result "1-0"]
[WhiteElo "1670"]
[BlackElo "1600"]
[PlyCount "91"]
[EventDate "2010.04.01"]
[EventType "swiss"]
[EventRounds "6"]
[EventCountry "ITA"]
[SourceTitle "EXT 2024"]
[Source "ChessBase"]
[SourceDate "2023.10.10"]
[SourceVersion "1"]
[SourceVersionDate "2023.10.10"]
[SourceQuality "1"]

1. d4 d5 2. Nf3 e6 3. c4 f5 4. a3 Nf6 5. Nc3 c6 6. e3 Bd6 7. h3 0-0 8. Be2 Ne4 9. Qb3 Nd7 10. Bd3 Kh8 11. Ne2 g5 12. c5 Bc7 13. Qc2 g4 14. Bxe4 dxe4 15. Nfg1 Qh4 16. g3 Qh6 17. Bd2 e5 18. dxe5 Nxe5 19. Bc3 Kg8 20. Bxe5 Bxe5 21. 0-0-0 Be6 22. Nf4 Bxf4 23. gxf4 Rad8 24. h4 Rxd1+ 25. Qxd1 Bc4 26. Ne2 Bxe2 27. Qxe2 Rd8 28. Qc2 Qf6 29. Qb3+ Qf7 30. Qa4 a6 31. Qb4 Rd5 32. Rd1 Rxd1+ 33. Kxd1 Kg7 34. Ke1 Kg6 35. Qd4 Qe7 36. Kf1 Kh5 37. Qe5 Qf7 38. Qd6 Kxh4 39. Qh6+ Qh5 40. Qg7 Qg6 41. Qxb7 h5 42. Kg2 Qf6 43. Qc7 g3 44. Qd6 Qg7 45. Qd8+ Kg4 46. Qd1+ 1-0

[Event "Robecchetto op 21th Spring"]
[Site "Robecchetto"]
[Date "2010.04.01"]
[Round "1"]
[White "Buratti, Roberto"]
[Black "Sartorio, Alessandro"]
[Result "1-0"]
[WhiteElo "1600"]
[BlackElo "1383"]
[PlyCount "41"]
[EventDate "2010.04.01"]
[EventType "swiss"]
[EventRounds "6"]
[EventCountry "ITA"]
[SourceTitle "EXT 2024"]
[Source "ChessBase"]
[SourceDate "2023.10.10"]
[SourceVersion "1"]
[SourceVersionDate "2023.10.10"]
[SourceQuality "1"]

1. e4 e5 2. Bc4 Nf6 3. Nf3 d5 4. exd5 Nxd5 5. Nxe5 Qe7 6. 0-0 Qc5 7. d4 Qd6 8. Nxf7 Kxf7 9. Qf3+ Ke8 10. Bxd5 Be7 11. Bf4 Qb6 12. Re1 Rf8 13. Rxe7+ Kxe7 14. Bg5+ Ke8 15. Qe4+ Be6 16. Bxe6 Rf7 17. Qd5 Qd6 18. Bxf7+ Kf8 19. Qf3 Nd7 20. Be6+ Ke8 21. Qf7# 1-0